[Event "15th Sants Open 2013"]
[Site "Barcelona ESP"]
[Date "2013.08.28"]
[Round "6.13"]
[White "Goryachkina,A"]
[Black "Hillarp Persson,T"]
[Result "0-1"]
[WhiteElo "2409"]
[BlackElo "2529"]

1.d4 g6 2.c4 Bg7 3.Nf3 d6 4.Nc3 Nf6 5.e4 O-O 6.Be2 e5 7.Be3 exd4 8.Nxd4 Re8
9.f3 c6 10.Bf2 d5 11.exd5 cxd5 12.O-O Nc6 13.c5 Bf8 14.Kh1 Re5 15.a3 Bh6
16.b4 Nh5 17.b5 Na5 18.g3 Nf6 19.Re1 Bh3 20.Bd3 Rxe1+ 21.Qxe1 Rc8 22.Na4 Nd7
23.g4 Bg7 24.Rd1 Ne5 25.Bh4 Qd7 26.Be2 Nac4 27.Qg3 Ne3 28.Rg1 N5c4 29.c6 bxc6
30.Nxc6 Re8 31.Qxh3 Qd6 32.Bxc4 dxc4 33.Bf2 Qxa3 34.f4 Qxa4 35.Bxe3 Qxb5
36.Ne5 f6 37.Nxc4 Qxc4 38.Bxa7 Qxf4 39.Qg2 Qc4 40.Rd1 Qa4 41.Qd5+ Kh8 42.Qd4 Qc2
43.Qd5 Qe2 44.Rg1 h6 45.Qg2 Qc4 46.Bf2 Kh7 47.Qf3 Re4 48.Qg2 Qe6 49.Qf3 Bf8
50.Qg2 g5 51.Qf3 Kg7 52.Qg2 Kg6 53.Qf3 Be7 54.Qd3 Kg7 55.Qf3 Bb4 56.h3 Rf4
57.Qb7+ Kg6 58.Bg3 Qe4+ 59.Qxe4+ Rxe4 60.Rf1 Re2 61.Rc1 h5 62.Rc4 Ba5 63.Ra4 Bc3
64.Rc4 Bb2 65.Ra4 h4 66.Bb8 Kf7 67.Ra6 Bd4 68.Bc7 Be3 69.Bb8 Ke7 70.Bc7 Bd4
71.Bb8 Rc2 72.Bd6+ Kd7 73.Bh2 Kc8 74.Ra8+ Kd7 75.Ra6 Kc8 76.Ra8+ Kb7 77.Rb8+ Ka6
78.Rb3 Ka5 79.Rb8 Rxh2+  0-1

[Event "Nordeste IM 2013"]
[Site "Natal BRA"]
[Date "2013.08.28"]
[Round "1.4"]
[White "Macedo,MIa"]
[Black "Pinto,C"]
[Result "1-0"]
[WhiteElo "2368"]
[BlackElo "2075"]

1.d4 Nf6 2.c4 g6 3.Nc3 Bg7 4.e4 d6 5.Nf3 O-O 6.Be2 Na6 7.O-O e5 8.Be3 Ng4
9.Bg5 Qe8 10.dxe5 Nxe5 11.Nd4 Nc6 12.Ndb5 Be6 13.Nd5 Bxd5 14.cxd5 Ne5 15.Rc1 h6
16.Be3 Qe7 17.Qd2 Kh7 18.f4 Nd7 19.Nxc7 Nac5 20.e5 Rac8 21.Nb5 dxe5 22.Nxa7 Ra8
23.d6 Qd8 24.Nb5 Ne4 25.Qb4 f5 26.Nc7 exf4 27.Bd4 Bxd4+ 28.Qxd4 Qh4 29.Nxa8 Rxa8
30.Rc7 Rd8 31.Qe5  1-0

[Event "Petersburg Summer Blitz 2013"]
[Site "St Petersburg RUS"]
[Date "2013.08.28"]
[Round "9.6"]
[White "Novik,Ma"]
[Black "Levin,Ev"]
[Result "1-0"]
[WhiteElo "2451"]
[BlackElo "2505"]

1.Nf3 Nf6 2.c4 g6 3.d4 Bg7 4.Nc3 O-O 5.e4 d6 6.Be2 e5 7.O-O Nbd7 8.Qc2 Nh5
9.Rd1 Nf4 10.Bf1 c5 11.d5 Nf6 12.h3 N6h5 13.Kh2 f5 14.g3 fxe4 15.Nxe4 Nxh3
16.Ne1 N3f4 17.gxf4 Qh4+ 18.Kg1 Nxf4 19.Bxf4 Rxf4 20.Ng2 Qg4 21.Be2 Qf5 22.Nxf4 exf4
23.Bf3 Be5 24.Qd3 g5 25.Nc3 Qf7 26.Kf1 Bh3+ 27.Bg2 Bg4 28.Bf3 Bh3+ 29.Bg2 Bg4
30.Bf3 Bh3+ 31.Bg2 Bg4 32.Bf3 Bh3+ 33.Ke2 g4 34.Be4 Re8 35.Kd2 Qe7 36.Re1 Rf8
37.Kc2 a6 38.a3 Qg7 39.Rh1 Kh8 40.Rag1 Qf7 41.Rxh3 gxh3 42.Qxh3 Re8 43.f3 b5
44.Rh1 Re7 45.Qf5 Qg7 46.cxb5 axb5 47.Nxb5 Qg2+ 48.Kd3 c4+ 49.Kxc4 Qg7 50.Qc8+ Qg8
51.Qxg8+ Kxg8 52.a4 Bxb2 53.a5 Be5 54.a6  1-0

[Event "Petersburg Summer Blitz 2013"]
[Site "St Petersburg RUS"]
[Date "2013.08.28"]
[Round "10.5"]
[White "Goganov,A"]
[Black "Savitskiy,S"]
[Result "0-1"]
[WhiteElo "2577"]
[BlackElo "2379"]

1.d4 Nf6 2.c4 g6 3.Nc3 Bg7 4.e4 d6 5.Nf3 O-O 6.Be2 e5 7.O-O Na6 8.Be3 Ng4
9.Bg5 f6 10.Bc1 Qe8 11.h3 Nh6 12.Rb1 Nf7 13.Re1 c6 14.b4 Nc7 15.c5 dxc5 16.bxc5 exd4
17.Nxd4 Qe7 18.Be3 Ne6 19.Nxe6 Bxe6 20.Qa4 Rfd8 21.Red1 f5 22.exf5 Bxf5 23.Rxd8+ Rxd8
24.Rc1 Bd3 25.Bxd3 Rxd3 26.Ne4 Bd4 27.Bxd4 Qxe4 28.Rc4 Ne5 29.Bxe5 Qe1+ 30.Kh2 Qxe5+
31.f4 Qe3 32.Re4 Qxc5 33.Re8+ Kg7 34.Qe4 Rd7 35.Rb8 Qd5 36.Qe8 Qf7 37.Qh8+ Kh6
38.Qe5 Qf5 39.Qe3 Rf7 40.a3 b5 41.g3 Rd7 42.g4 Qc2+ 43.Kg1 Rd1+  0-1

[Event "US Masters 2013"]
[Site "Greensboro USA"]
[Date "2013.08.29"]
[Round "1.6"]
[White "Zenyuk,I"]
[Black "Jankovic,A"]
[Result "0-1"]
[WhiteElo "2264"]
[BlackElo "2562"]

1.d4 Nf6 2.c4 g6 3.Nc3 Bg7 4.e4 d6 5.Nf3 O-O 6.Be2 Na6 7.O-O e5 8.Be3 Qe7
9.dxe5 dxe5 10.Nd5 Qd8 11.Nxf6+ Qxf6 12.a3 c5 13.Qa4 Qe7 14.Rfd1 f5 15.Bg5 Qf7
16.exf5 e4 17.Nh4 Bxb2 18.Ra2 Bf6 19.Bh6 Bxh4 20.Bxf8 Qxf8 21.g3 Bf6 22.fxg6 hxg6
23.f3 Bd4+ 24.Kg2 exf3+ 25.Bxf3 Bh3+ 26.Kxh3 Qxf3 27.Re1 Rf8 28.Qd7 Rf7 29.Qc8+ Kg7
30.Qg4 Qd3 31.Qe2 Qb3 32.Qc2 Qb6 33.Qd3 Nc7 34.Rae2 Qf6 35.Qe4 Qa6 36.Qd3 Qd6
37.Kg2 Qd7 38.h4 b6 39.Rf2 Rxf2+ 40.Kh1 Ne8 41.Qe4 Qf7 42.Kg1 Nd6 43.Qe7 Nf5
44.Qg5 Qf6  0-1

[Event "21st Honor to National Resistance"]
[Site "Nikaia GRE"]
[Date "2013.08.30"]
[Round "5.12"]
[White "Samaras,E"]
[Black "Rigopoulos Tsigkos,A"]
[Result "0-1"]
[WhiteElo "1916"]
[BlackElo "2066"]

1.d4 Nf6 2.c4 g6 3.Nc3 Bg7 4.Nf3 d6 5.e4 O-O 6.Be2 e5 7.O-O Nbd7 8.Be3 Ng4
9.Bg5 f6 10.Bh4 g5 11.Bg3 Nh6 12.dxe5 fxe5 13.b4 a5 14.Qd5+ Kh8 15.a3 Nf6
16.Qd2 g4 17.Nh4 Nh5 18.Rad1 Nf4 19.c5 Bf6 20.cxd6 Bg5 21.Qb2 cxd6 22.Bxf4 Bxf4
23.g3 Nf7 24.Nf5 Bxf5 25.exf5 axb4 26.Qxb4 Bg5 27.Bxg4 Qa5 28.Ne4 d5 29.Nxg5 Nxg5
30.Qxb7 d4 31.h4 Nf7 32.Qe7 Qxa3 33.Qf6+ Kg8 34.Rb1 Ra6 35.Rb6 Rxb6 36.Qxb6 Qd6
37.Qb3 Kh8 38.Qd3 Nh6 39.Bh3 Qf6 40.Rb1 Nxf5 41.Bxf5 Qxf5 42.Qxf5 Rxf5 43.Rb7 Kg8
44.Re7 h5 45.Kf1 Kf8 46.Rh7 Ke8 47.Ke2 e4 48.Rg7 d3+ 49.Ke1 Ra5 50.Rh7 Ra1+
51.Kd2 Ra2+ 52.Ke1 Ra1+ 53.Kd2 Rf1 54.Rxh5 Rxf2+ 55.Kd1 Kf7 56.Re5 Re2 57.g4 Kf6
58.Re8 Kg6 59.Re5 Kf7 60.g5 Kg6 61.Re8 Kf5 62.Rf8+ Ke5 63.g6 Rg2 64.h5 e3
65.Re8+ Kf4 66.Kc1 d2+ 67.Kc2 Rg1 68.Rf8+ Kg5 69.g7 d1=Q+  0-1

[Event "Lidkoping Open"]
[Site "Lidkoping SWE"]
[Date "2013.08.31"]
[Round "4"]
[White "Arnelind,M"]
[Black "Berg,E"]
[Result "0-1"]
[WhiteElo "2161"]
[BlackElo "2539"]

1.d4 Nf6 2.c4 g6 3.Nc3 Bg7 4.e4 d6 5.Nf3 O-O 6.Be2 e5 7.dxe5 dxe5 8.Qxd8 Rxd8
9.Bg5 c6 10.Nxe5 Re8 11.O-O-O Na6 12.Rd6 Rxe5 13.Bxf6 Bxf6 14.Rxf6 Nc5 15.Rd6 Nxe4
16.Rd8+ Kg7 17.Nxe4 Rxe4 18.Bd3 Re7 19.Rd1 b6 20.c5 Bb7 21.Bc4 Rxd8 22.Rxd8 bxc5
23.Kc2 Rc7 24.Kc3 Kf6 25.Rh8 h5 26.Rf8 Bc8 27.Rd8 Bf5 28.h4 Ke7 29.Ra8 Be4
30.g3 Bd5 31.b3 Kf6 32.Bd3 Re7 33.a4 Rb7 34.Bc4 Kf5 35.Rd8 Ke4 36.Rd6 Ke5
37.Rd8 Ke4 38.Rd6 a5 39.Rd8 Rb4 40.Rd7 f5 41.Rg7 Bxc4 42.bxc4 Rxa4 43.Rxg6 Ra3+
44.Kb2 Rf3 45.Rg5 Kd4 46.Rxh5 Kxc4 47.Rh8 Rxf2+ 48.Kb1 a4 49.h5 Kb3 50.Rb8+ Ka3
51.h6 Rh2 52.Rh8 c4 53.h7 c3 54.Kc1 c5 55.Kb1 c4 56.Kc1 Ka2 57.Kd1 a3 58.Kc1 c2
59.Rb8 Rxh7 60.Kxc2 Rh2+ 61.Kc3 Rg2 62.Kxc4 Rxg3 63.Kd4 Rf3 64.Ke5 Ka1 65.Kd4 a2
66.Ke5 Rf1 67.Rb7 Rb1 68.Ra7 Kb2 69.Ra3  0-1

[Event "Petersburg Summer Rapid 2013"]
[Site "St Petersburg RUS"]
[Date "2013.08.31"]
[Round "1.3"]
[White "Sjugirov,S"]
[Black "Korchagina,V"]
[Result "1-0"]
[WhiteElo "2635"]
[BlackElo "2058"]

1.d4 Nf6 2.c4 g6 3.Nc3 Bg7 4.e4 d6 5.Nf3 O-O 6.Be2 e5 7.Be3 Ng4 8.Bg5 f6
9.Bh4 Qe8 10.h3 Nh6 11.O-O Nc6 12.d5 Ne7 13.c5 a6 14.cxd6 cxd6 15.Qb3 g5
16.Bg3 g4 17.hxg4 Bxg4 18.Qb6 Rd8 19.Qxb7 f5 20.exf5 Nexf5 21.Ne4 Qg6 22.Rac1 Rb8
23.Qxa6 Rxb2 24.Rc6 Qh5 25.Bd1 Rb1 26.Qd3 Rxd1 27.Rxd1 Ne7 28.Rc3 Nhf5 29.Rb1 Qg6
30.Nh2 Bh5 31.Rb7 Kh8 32.Rcc7 Nxg3 33.Qxg3 Qxe4 34.Rxe7 Bf6 35.Rxh7+ Qxh7
36.Rxh7+ Kxh7 37.Qh3  1-0

[Event "Petersburg Summer Rapid 2013"]
[Site "St Petersburg RUS"]
[Date "2013.09.01"]
[Round "10.11"]
[White "Obolenskikh,D"]
[Black "Goganov,A"]
[Result "1/2-1/2"]
[WhiteElo "2486"]
[BlackElo "2577"]

1.Nf3 Nf6 2.c4 g6 3.Nc3 Bg7 4.e4 d6 5.d4 O-O 6.Be2 e5 7.dxe5 dxe5 8.Qxd8 Rxd8
9.Bg5 Re8 10.Nd5 Nxd5 11.cxd5 c6 12.Bc4 b5 13.Bb3 a5 14.a4 bxa4 15.Bxa4 Bd7
16.dxc6 Bxc6 17.Ke2 Bxa4 18.Rxa4 Nd7 19.Rha1 Nc5 20.Rc4 Nb3 21.Rd1 Rab8 22.Rd5 Nd4+
23.Nxd4 exd4 24.Bc1 Rxe4+ 25.Kd3 Re1 26.Bf4 Rbe8 27.Rxa5 Rd1+ 28.Kc2 Rf1
29.Bg3 h5 30.Rb5 Bf6 31.h4 Kg7 32.Rb7 Ree1 33.Rcc7 Rc1+ 34.Kd3 Rfd1+ 35.Ke4 Rxc7
36.Rxc7 d3 37.Rd7 d2 38.Kd3 Bxb2 39.Kc2 Rg1 40.Rxd2 Bf6 41.f3 Rh1 42.Kd3  1/2-1/2

[Event "Petersburg Summer Rapid 2013"]
[Site "St Petersburg RUS"]
[Date "2013.09.01"]
[Round "11.12"]
[White "Goganov,A"]
[Black "Savitskiy,S"]
[Result "1-0"]
[WhiteElo "2577"]
[BlackElo "2379"]

1.d4 Nf6 2.c4 g6 3.Nc3 Bg7 4.e4 d6 5.Nf3 O-O 6.Be2 Na6 7.O-O e5 8.Be3 Ng4
9.Bg5 f6 10.Bc1 Qe8 11.Re1 c6 12.h3 Nh6 13.Bf1 Nf7 14.Rb1 Nc7 15.b4 Qe7 16.b5 f5
17.bxc6 bxc6 18.Rb3 Rd8 19.d5 c5 20.Bd2 f4 21.Nh2 h5 22.Be2 Kh7 23.Qc2 Qh4
24.Nf3 Qe7 25.Reb1 g5 26.Nh2 Kg6 27.Qd1 Rh8 28.f3 Ne8 29.Rb8 Rxb8 30.Rxb8 Nf6
31.Be1 Nd7 32.Rb3 Nh6 33.Nb5 Nf6 34.Ra3 a6 35.Nc3 g4 36.fxg4 hxg4 37.hxg4 Nf7
38.Rb3 Ng5 39.Rb6 Bf8 40.Nf3 Nxf3+ 41.Bxf3 Qh7 42.Kf2 Qh2 43.Ke2 Bxg4 44.Kd3 Bxf3
45.Qxf3 Qh1 46.Bf2 Rh2 47.Rb1 Qxg2 48.Rg1 Qg5 49.Rxg5+ Kxg5 50.Bg1 Rh4 51.Nb1 Rg4
52.Bf2 Nh5 53.Nd2 Ng3 54.Qd1 Be7 55.Nf3+ Kh5 56.Nh2  1-0

[Event "135th ch-New York State"]
[Site "Albany USA"]
[Date "2013.09.02"]
[Round "6"]
[White "Busygin,Stanislav"]
[Black "Dean-Kawamura,Ben"]
[Result "1-0"]
[WhiteElo "2141"]
[BlackElo "2330"]

1.d4 Nf6 2.Nf3 g6 3.c4 Bg7 4.Nc3 O-O 5.e4 d6 6.Be2 e5 7.dxe5 dxe5 8.Qxd8 Rxd8
9.Bg5 Na6 10.Nd5 Nxd5 11.Bxd8 Nf4 12.Bf1 Bg4 13.Be7 c5 14.Bg5 Nb4 15.O-O-O Nxa2+
16.Kb1 Nb4 17.Bxf4 Bxf3 18.gxf3 exf4 19.Rg1 a5 20.Rg5 a4 21.Rxc5 Nc6 22.Rd3 Bd4
23.Rxc6  1-0

[Event "TCh-SRB 1st League 2013"]
[Site "Kragujevac SRB"]
[Date "2013.09.02"]
[Round "10.4"]
[White "Stojanovic,Mih"]
[Black "Nenezic,M"]
[Result "1-0"]
[WhiteElo "2565"]
[BlackElo "2393"]

1.d4 Nf6 2.c4 g6 3.Nc3 Bg7 4.e4 d6 5.Nf3 O-O 6.Be2 e5 7.dxe5 dxe5 8.Qxd8 Rxd8
9.Nd5 Nxd5 10.cxd5 c6 11.Bc4 b5 12.Bb3 Bb7 13.Bg5 Rd7 14.Rc1 a5 15.Ke2 a4
16.dxc6 Nxc6 17.Bd5 Nb4 18.Bxb7 Rxb7 19.Bd2 Na6 20.Rc6 f6 21.Rhc1 Kf7 22.g4 Raa7
23.Ne1 Nb8 24.Rc8 Nd7 25.Be3 Ra6 26.R1c7 Rxc7 27.Rxc7 Ke6 28.Rb7 a3 29.b4 Rc6
30.Rxb5 Bf8 31.Kd3 f5 32.gxf5+ gxf5 33.exf5+ Kxf5 34.Nc2 Nf6 35.Nd4+  1-0

[Event "TCh-ROU 2013"]
[Site "Mamaia ROU"]
[Date "2013.09.02"]
[Round "3.1"]
[White "Pop,A"]
[Black "Iordachescu,V"]
[Result "0-1"]
[WhiteElo "2284"]
[BlackElo "2609"]

1.Nf3 g6 2.c4 Bg7 3.d4 Nf6 4.Nc3 O-O 5.e4 d6 6.Be2 Nbd7 7.O-O e5 8.Be3 Re8
9.d5 Nh5 10.g3 Bf6 11.Ne1 Ng7 12.Qd2 a5 13.Nd3 b6 14.a3 Be7 15.b4 f5 16.f3 Nf6
17.c5 Rf8 18.Rfc1 h5 19.cxb6 cxb6 20.Nf2 h4 21.Na4 hxg3 22.hxg3 Nd7 23.Rc6 axb4
24.Nxb6 Nxb6 25.Bxb6 Qe8 26.Qxb4 Nh5 27.Kg2 Rb8 28.a4 Bd7 29.Rc4 Bd8 30.a5 Bb5
31.Rc2 Bxe2 32.Rxe2 Bxb6 33.axb6 Qd8 34.Rb2 Qg5 35.Qxd6 Qxg3+ 36.Kf1 Nf6
37.Nh1 Qxf3+ 38.Kg1 Rbd8 39.Qc7 Qg4+ 40.Kh2 Qh4+ 41.Kg1 Qg5+ 42.Kh2 Qh4+
43.Kg1 Rc8 44.Qxe5 Qg4+ 45.Kf1 fxe4 46.Rf2 Rce8 47.Qd6 e3  0-1

[Event "TCh-ROU 2013"]
[Site "Mamaia ROU"]
[Date "2013.09.02"]
[Round "3.4"]
[White "Marin,Mi"]
[Black "Palamar,T"]
[Result "1-0"]
[WhiteElo "2560"]
[BlackElo "1766"]

1.d4 Nf6 2.Nf3 g6 3.c4 Bg7 4.Nc3 O-O 5.e4 d6 6.Be2 e5 7.d5 a5 8.Bg5 h6 9.Bh4 Na6
10.Nd2 g5 11.Bg3 Nc5 12.h4 g4 13.h5 Kh7 14.b3 Bd7 15.a3 b6 16.Rb1 Rg8 17.Qc2 Bh8
18.b4 Nb7 19.Bh4 Qc8 20.Bxf6 Bxf6 21.Nf1 Qd8 22.Nd1 Bh4 23.g3 Be7 24.Nfe3 axb4
25.axb4 Ra3 26.Nf5 Bg5 27.Bxg4 Qa8 28.Nc3 Nc5 29.O-O Na4 30.Ne2 c5 31.b5 Qa5
32.Ra1 Qb4 33.Rxa3 Qxa3 34.Rb1 Bxf5 35.Bxf5+ Kh8 36.Kg2 Ra8 37.Bd7 Kg7 38.Bc6 Ra7
39.Rb3 Qa1 40.Ng1 Kh8 41.Nf3 Bd8 42.Rb1 Qc3 43.Rc1 Qa3 44.Qd2 Kh7 45.Rc2 Qb4
46.Qc1 Qb3 47.Re2 Ra5 48.Bd7 Ra8 49.Rc2 Be7 50.Bf5+ Kg7 51.g4 Rg8 52.Re2 Qc3
53.Qxc3 Nxc3 54.Rc2 Na4 55.Kf1 Ra8 56.Ke2 Ra5 57.Kd3 Bg5 58.Ra2  1-0

[Event "78th ch-ESP 2013"]
[Site "Linares ESP"]
[Date "2013.09.03"]
[Round "6.20"]
[White "Villasenor Rubio,E"]
[Black "Navarrete Espi,S"]
[Result "1-0"]
[WhiteElo "2260"]
[BlackElo "2214"]

1.d4 Nf6 2.c4 g6 3.Nc3 Bg7 4.e4 d6 5.Nf3 O-O 6.Be2 e5 7.O-O exd4 8.Nxd4 Re8
9.f3 c6 10.Nc2 Na6 11.Kh1 Be6 12.Be3 Qe7 13.Qd2 Nc7 14.Rad1 Red8 15.Rfe1 a6
16.a4 Rac8 17.Bf1 h5 18.Bg5 Kh7 19.Qf4 Nce8 20.c5 Bb3 21.cxd6 Nxd6 22.e5 Bxc2
23.exf6 Bb1 24.Nxb1  1-0

[Event "TCh-ROU 2013"]
[Site "Mamaia ROU"]
[Date "2013.09.03"]
[Round "4.2"]
[White "Miron,L"]
[Black "Nisipeanu,LD"]
[Result "0-1"]
[WhiteElo "2532"]
[BlackElo "2665"]

1.d4 Nf6 2.c4 g6 3.Nc3 Bg7 4.e4 d6 5.Nf3 O-O 6.Be2 e5 7.O-O Na6 8.Be3 Ng4
9.Bg5 f6 10.Bc1 exd4 11.Nxd4 f5 12.h3 Nh6 13.Bxh6 Bxh6 14.exf5 gxf5 15.Bf3 Kh8
16.Rb1 Bg7 17.b4 Qh4 18.Nce2 Be5 19.Rb3 c5 20.Nb5 Rf6 21.Re3 Rg6 22.Nxd6 Bxd6
23.Re8+ Kg7 24.Qd5 Kh6 25.Rg8 Qf6 26.Rd1 Rxg8 27.Qxg8 Nc7 28.g4 Be7 29.Ng3 Be6
30.g5+ Qxg5 31.Qxg5+ Kxg5  0-1

[Event "TCh-ROU 2013"]
[Site "Mamaia ROU"]
[Date "2013.09.03"]
[Round "4.1"]
[White "Shishkin,Va UKR"]
[Black "Nyzhnyk,I"]
[Result "0-1"]
[WhiteElo "2508"]
[BlackElo "2625"]

1.d4 Nf6 2.c4 g6 3.Nc3 Bg7 4.e4 d6 5.Be2 O-O 6.Nf3 e5 7.Be3 c6 8.dxe5 dxe5
9.Qxd8 Rxd8 10.h3 Nbd7 11.O-O-O Re8 12.a3 Bf8 13.Rhe1 Nc5 14.Nd2 a5 15.Kc2 a4
16.Bg5 Nfd7 17.Bg4 h5 18.Bxd7 Nxd7 19.Na2 f6 20.Be3 Nc5 21.Nb4 Rd8 22.f3 Be6
23.Kc3 Be7 24.Nf1 f5 25.exf5 gxf5 26.Nc2 Rxd1 27.Rxd1 Kf7 28.Bf2 Nb3 29.Ne1 Bf6  0-1

[Event "TCh-ROU 2013"]
[Site "Mamaia ROU"]
[Date "2013.09.04"]
[Round "5.3"]
[White "Ionescu,Co"]
[Black "Vajda,Le"]
[Result "1/2-1/2"]
[WhiteElo "2443"]
[BlackElo "2613"]

1.d4 Nf6 2.c4 d6 3.Nc3 Nbd7 4.Nf3 e5 5.e4 g6 6.Be2 Bg7 7.O-O O-O 8.Re1 c6
9.Bf1 h6 10.Rb1 Nh7 11.d5 c5 12.g3 a6 13.Bd2 Nhf6 14.Nh4 Kh7 15.a3 a5 16.b3 Ne8
17.Bd3 Bf6 18.Ng2 Nc7 19.Ne3 Bg7 20.Kg2 Nf6 21.h3 Bd7 22.Rh1 Qe8 23.Qe2 Rb8
24.a4 Qd8 25.Rbf1 Nce8 26.Qd1 Ng8 27.f4 exf4 28.gxf4 Kh8  1/2-1/2

[Event "78th ch-ESP 2013"]
[Site "Linares ESP"]
[Date "2013.09.05"]
[Round "8.7"]
[White "Narciso Dublan,M"]
[Black "Rioboo de Larriva,A"]
[Result "1-0"]
[WhiteElo "2505"]
[BlackElo "2247"]

1.d4 Nf6 2.c4 g6 3.Nc3 Bg7 4.e4 d6 5.Be2 O-O 6.Nf3 e5 7.d5 a5 8.Bg5 Na6 9.Nd2 Bd7
10.O-O Qe8 11.b3 h6 12.Be3 b6 13.a3 Nh7 14.Qb1 f5 15.f3 f4 16.Bf2 Qe7 17.b4 Bf6
18.c5 dxc5 19.Bxa6 Rxa6 20.bxc5 g5 21.Qd3 Bc8 22.d6 Qd7 23.Nd5 bxc5 24.dxc7 Rc6
25.Qb3 Kh8 26.Nc4 g4 27.Nxf6 Rcxf6 28.Nxe5 Qxc7 29.Qc3 Kg8 30.Qxc5 Qg7 31.Bd4 gxf3
32.Nxf3 Ba6 33.Rf2 Qg6 34.Qd5+ Re6 35.Ne5 Qe8 36.Nd7 Bc4 37.Qxc4 Qxd7 38.Raf1 Rc8
39.Qa2 Ng5 40.Ba1 Nxe4 41.Rxf4 Qc6 42.Rg4+ Ng5 43.h4 Qc5+ 44.Bd4  1-0

[Event "TCh-ROU 2013"]
[Site "Mamaia ROU"]
[Date "2013.09.05"]
[Round "6.2"]
[White "Miron,L"]
[Black "Petrisor,A"]
[Result "1-0"]
[WhiteElo "2532"]
[BlackElo "2401"]

1.d4 Nf6 2.c4 g6 3.Nc3 Bg7 4.Nf3 O-O 5.e4 d6 6.Be2 Na6 7.O-O e5 8.Be3 exd4
9.Nxd4 Re8 10.f3 Nc5 11.b4 Ne6 12.Rc1 a5 13.a3 axb4 14.axb4 c6 15.Qd2 Nxd4
16.Bxd4 c5 17.Be3 cxb4 18.Nb5 b3 19.Rb1 Ra2 20.Qd3 Nd7 21.Rfe1 Nc5 22.Qxd6 Bf8
23.Qxd8 Rxd8 24.Nc3 Be6 25.Nxa2 bxa2 26.Rb2 b5 27.Rxa2 bxc4 28.Rea1 Kg7 29.Ra8 Rxa8
30.Rxa8 Nb3 31.f4 Bc5 32.Bxc5 Nxc5 33.Bxc4 Bxc4 34.Rc8 Bd3 35.Rxc5 Bxe4 36.g4 h6
37.Kf2 Bb1 38.Ke3 Ba2 39.Ke4 Bb1+ 40.Ke5 Bd3 41.f5 h5 42.f6+ Kh7 43.Rc7  1-0

[Event "12th Izmir Open"]
[Site "Izmir TUR"]
[Date "2013.09.06"]
[Round "7.13"]
[White "Sahin,S"]
[Black "Morchiashvili,B"]
[Result "0-1"]
[WhiteElo "1972"]
[BlackElo "2358"]

1.Nf3 Nf6 2.c4 g6 3.Nc3 Bg7 4.e4 d6 5.d4 O-O 6.Be2 Nbd7 7.O-O e5 8.Be3 c6
9.dxe5 dxe5 10.Nd2 Qe7 11.Rb1 Nc5 12.b4 Ne6 13.c5 Rd8 14.Qc1 Nd4 15.f3 a5
16.a3 axb4 17.axb4 Nh5 18.Nc4 Be6 19.Nd6 Nf4 20.Bxf4 exf4 21.Bc4 b6 22.Nd5 cxd5
23.exd5 Bxd5 24.Re1 Nxf3+ 25.gxf3 Bd4+ 26.Kf1 Qh4 27.Qd2 Be3 28.Qg2 Rxd6  0-1

[Event "78th ch-ESP 2013"]
[Site "Linares ESP"]
[Date "2013.09.06"]
[Round "9.4"]
[White "Arizmendi Martinez,J"]
[Black "Castellanos Rodriguez,R"]
[Result "1-0"]
[WhiteElo "2577"]
[BlackElo "2510"]

1.d4 Nf6 2.c4 g6 3.Nc3 Bg7 4.e4 d6 5.Nf3 O-O 6.Be2 e5 7.Be3 c6 8.d5 Ng4 9.Bg5 f6
10.Bh4 c5 11.Nd2 h5 12.a3 a5 13.h3 Nh6 14.g4 hxg4 15.hxg4 Na6 16.Nf1 Bd7
17.Ne3 Nf7 18.g5 fxg5 19.Bg3 Nh6 20.Ng4 Nxg4 21.Bxg4 Rf4 22.Bxf4 exf4 23.Qf3 Nc7
24.O-O-O Be8 25.Be6+ Kf8 26.e5 Bxe5 27.Rh7 Bg7 28.Rxg7 Kxg7 29.Ne4  1-0

[Event "TCh-ROU w 2013"]
[Site "Mamaia ROU"]
[Date "2013.09.06"]
[Round "7.3"]
[White "Dragomirescu,An"]
[Black "Dobre,A"]
[Result "1-0"]
[WhiteElo "2242"]
[BlackElo "1893"]

1.d4 Nf6 2.c4 g6 3.Nc3 Bg7 4.e4 d6 5.Be2 O-O 6.Nf3 e5 7.dxe5 dxe5 8.Qxd8 Rxd8
9.Bg5 Re8 10.O-O-O Na6 11.Nd2 c6 12.f3 Nc5 13.Be3 Ne6 14.Nb3 Nf4 15.Bf1 b6
16.g3 Ne6 17.c5 b5 18.Na5 Bd7 19.b4 Rab8 20.Bg2 Red8 21.Rxd7 Rxd7 22.Nxc6 Rd3
23.Bd2 Rb7 24.Nxe5 Rxd2 25.Kxd2 Nxe4+ 26.fxe4 Bxe5 27.Nd5 Nd4 28.Rc1 Nc6
29.Bf1 a5 30.bxa5 Ra7 31.Bxb5 Nd4 32.Rb1 Rxa5 33.a4 Ne6 34.Ne7+ Kf8 35.Nc6 Ra8
36.Nxe5 Nxc5 37.Ke3  1-0

[Event "FSIM Sept 2013"]
[Site "Budapest HUN"]
[Date "2013.09.07"]
[Round "1.6"]
[White "Dokuchaev,A"]
[Black "Farago,S"]
[Result "0-1"]
[WhiteElo "2239"]
[BlackElo "2254"]

1.d4 Nf6 2.c4 g6 3.Nc3 Bg7 4.e4 d6 5.Nf3 O-O 6.Be2 Nbd7 7.O-O e5 8.d5 Nc5
9.Qc2 a5 10.Ne1 a4 11.Bg5 h6 12.Be3 a3 13.f3 axb2 14.Qxb2 Nh5 15.Nd3 b6 16.Qd2 Kh7
17.a4 Nb3 18.Qc2 Nxa1 19.Rxa1 f5 20.Bf1 Nf4 21.Nb4 Bd7 22.Nb5 fxe4 23.fxe4 Rf7
24.Qc1 Bf6 25.Ra3 Bg5 26.Qe1 Qf6 27.Ra1 Raf8 28.Nc2 Bh4 29.Qd2 Qg5 30.Bd3 Bh3
31.Ne1 Bxe1 32.Rxe1 Bxg2  0-1

[Event "TCh-ROU 2013"]
[Site "Mamaia ROU"]
[Date "2013.09.07"]
[Round "8.5"]
[White "Ungureanu,V"]
[Black "Dragomirescu,R"]
[Result "1-0"]
[WhiteElo "2374"]
[BlackElo "2368"]

1.d4 Nf6 2.c4 g6 3.Nc3 Bg7 4.e4 O-O 5.Nf3 d6 6.Be2 e5 7.O-O Nh5 8.Be3 Nf4
9.d5 Nxe2+ 10.Qxe2 f5 11.Ne1 f4 12.Bd2 c5 13.f3 g5 14.g4 fxg3 15.hxg3 g4
16.f4 Nd7 17.Nd3 Qe7 18.Nb5 exf4 19.Bxf4 Rf6 20.Nc7 Rb8 21.Ne6 Rxe6 22.dxe6 Qxe6
23.Rad1 b5 24.Nxc5 dxc5 25.Bxb8 Bd4+ 26.Rxd4 cxd4 27.Qd2 h6 28.Qxd4 Nxb8
29.Qd8+ Kh7 30.Qc7+ Bd7 31.Qxb8 bxc4 32.Qc7 Kg6 33.e5 Kg5 34.Qd8+ Kh5  1-0

[Event "6th Sabadell Open"]
[Site "Sabadell ESP"]
[Date "2013.09.08"]
[Round "7.4"]
[White "Pulvett,D"]
[Black "Valdes,Le"]
[Result "1/2-1/2"]
[WhiteElo "2441"]
[BlackElo "2427"]

1.Nf3 Nf6 2.d4 g6 3.c4 Bg7 4.Nc3 d6 5.e4 O-O 6.Be2 e5 7.O-O Na6 8.Be3 Ng4
9.Bg5 Qe8 10.dxe5 dxe5 11.h3 h6 12.Bd2 Nf6 13.Qc2 c6 14.Rad1 Qe7 15.Be3 Nh5
16.Qc1 Kh7 17.c5 Nc7 18.Rfe1 Ne6 19.Bf1 Rd8 20.Rxd8 Nxd8 21.Rd1 f5 22.exf5 gxf5
23.Qc2 Kh8 24.Bc4 e4 25.Nh2 Be6 26.Qe2 Bxc4 27.Qxh5 Qf7 28.Qh4 Qf6 29.Qxf6 Bxf6
30.Bd4 Kg7 31.Bxf6+ Kxf6 32.Rd7 Be6 33.Rd2 Nf7 34.f3 exf3 35.Nxf3 Rd8 36.Rxd8 Nxd8
37.Kf2 Bc4 38.Nd2 Bf7 39.b4 Ne6 40.Nf3 a5 41.a3 axb4 42.axb4 Nf4 43.Ne1 Ke5
44.Nf3+ Kf6 45.Ne1  1/2-1/2

[Event "Satka Autumn 2013"]
[Site "Satka RUS"]
[Date "2013.09.08"]
[Round "6"]
[White "Mirzoeva,E"]
[Black "Kostitsina,L"]
[Result "1-0"]
[WhiteElo "2215"]
[BlackElo "2059"]

1.d4 Nf6 2.c4 g6 3.Nc3 Bg7 4.e4 d6 5.Nf3 O-O 6.Be2 e5 7.Be3 Ng4 8.Bg5 f6
9.Bh4 g5 10.Bg3 Nh6 11.h3 Nd7 12.d5 f5 13.exf5 Nxf5 14.Ne4 Nf6 15.Nfd2 Nd4
16.Bd3 Nxe4 17.Nxe4 Rf4 18.Bxf4 exf4 19.Qh5 Bf5 20.O-O-O Bxe4 21.Bxe4 Qf6
22.Qxh7+ Kf7 23.Qh5+ Kf8 24.Rd2 Re8 25.Qg6 Qe5 26.f3 c5 27.h4 g4 28.Qxg4 b5
29.h5 Qf6 30.Qg6 bxc4 31.h6 Bh8 32.Qxf6+ Bxf6 33.h7 Kg7 34.h8=Q+ Rxh8 35.Rxh8 Kxh8
36.Rd1 Kg8 37.Kd2 Nb5 38.Rc1 Bxb2 39.Rxc4 a5 40.Bd3 Bd4 41.Ra4 Nc3 42.Ra3 c4
43.Rxc3 cxd3 44.Rc8+ Kf7 45.Kxd3 Bf2 46.Ke4 Be3 47.Kf5 Ke7 48.Rc7+ Kd8 49.Rc4  1-0

[Event "TCh-SUI 2013"]
[Site "Switzerland SUI"]
[Date "2013.09.08"]
[Round "7.3"]
[White "Schiendorfer,E"]
[Black "Gallagher,Jo"]
[Result "1/2-1/2"]
[WhiteElo "2392"]
[BlackElo "2518"]

1.d4 Nf6 2.c4 g6 3.Nc3 Bg7 4.e4 d6 5.Nf3 O-O 6.Be2 e5 7.Be3 Ng4 8.Bg5 f6
9.Bh4 g5 10.Bg3 Nh6 11.c5 Nc6 12.cxd6 cxd6 13.dxe5 dxe5 14.Bc4+ Kh8 15.Qxd8 Rxd8
16.h3 Bf8 17.Rc1 Kg7 18.Nd2 Nf7 19.a3 Bd7 20.f3 Rac8 21.Bf2 Nd4 22.Be3 b5
23.Bd5 Bc5 24.Kf2 Nd6 25.Ne2 Ne6 26.Bxe6 Bxe3+ 27.Kxe3 Bxe6 28.Rxc8 Rxc8
29.Rc1 Rxc1 30.Nxc1 Kf7  1/2-1/2

[Event "FSGM Sept 2013"]
[Site "Budapest HUN"]
[Date "2013.09.10"]
[Round "3.1"]
[White "Andersen,Mad"]
[Black "Camarena Gimenez,R"]
[Result "1/2-1/2"]
[WhiteElo "2479"]
[BlackElo "2354"]

1.Nf3 Nf6 2.c4 g6 3.d4 Bg7 4.Nc3 d6 5.e4 O-O 6.Be2 e5 7.O-O exd4 8.Nxd4 Re8
9.f3 Nc6 10.Be3 Nh5 11.Qd2 Nf4 12.Rfd1 Bxd4 13.Bxd4 Nxd4 14.Qxd4 Nxe2+ 15.Nxe2 b6
16.Nc3 Bb7 17.Rac1 Qg5 18.Nd5 Bxd5 19.cxd5 Re7 20.Rc3 a5 21.g3 Rd8 22.Rdc1 Rdd7
23.Kg2 Qh6 24.Re3 f6 25.h4 Qg7 26.Kf2 Re8 27.Qd2 Rde7 28.Rd3 Qf7 29.g4 Kf8  1/2-1/2

[Event "ch-Vienna State 2013"]
[Site "Vienna AUT"]
[Date "2013.09.10"]
[Round "4.3"]
[White "Wukits,R"]
[Black "Weinzettl,E"]
[Result "1/2-1/2"]
[WhiteElo "2282"]
[BlackElo "2300"]

1.d4 Nf6 2.c4 g6 3.Nc3 Bg7 4.e4 d6 5.Be2 O-O 6.Nf3 e5 7.d5 a5 8.Bg5 h6 9.Bh4 Qe8
10.Nd2 Nh7 11.f3 Na6 12.a3 Bd7 13.b3 h5 14.Rb1 Bh6 15.Bf2 Nc5 16.b4 axb4
17.axb4 Na4 18.Nxa4 Rxa4 19.Rb2 Qe7 20.O-O f5 21.c5 Raa8 22.Nc4 fxe4 23.fxe4 Ng5
24.cxd6 cxd6 25.Qd3 Bb5 26.Rc2 Rac8 27.h4 Nh7 28.Qg3 Qg7 29.Nxd6 Rxc2 30.Bxb5 Bf4
31.Qh3 Rc1 32.Qe6+ Kh8 33.Rxc1 Bxc1 34.Nc4 Rxf2 35.Kxf2 Nf6 36.Nxe5 Bf4 37.Nf7+ Kh7
38.Ng5+ Bxg5 39.hxg5 Ng4+ 40.Ke2 Qb2+ 41.Kd3 Ne5+ 42.Ke3 Ng4+ 43.Kd3 Ne5+  1/2-1/2